[Event "Summer Cup"]
[Site "Wellington Chess Club"]
[Date "2020.01.30"]
[Round "1.18"]
[White "Osborne, Geoff"]
[Black "Winfield, Alan"]
[Result "0-1"]
[WhiteElo "1343"]
[BlackElo "1911"]

1. e4 c5 2. Nf3 g6 3. g3 Bg7 4. d3 Nc6 5. Bg2 Nf6 6. O-O d5 7. Nbd2 O-O 8. h3
dxe4 9. dxe4 Qc7 10. Re1 Rd8 11. Qe2 Be6 12. c3 h6 13. Nf1 Qd7 14. h4 Ng4 15.
N1h2 a5 16. Nxg4 Bxg4 17. Bf4 a4 18. a3 Kh7 19. Qe3 e5 20. Rad1 Qe7 21. Rxd8
Rxd8 22. Nh2 exf4 23. Qxf4 Rd1 24. Rxd1 Bxd1 25. Nf1 Ne5 26. Ne3 Bb3 27. Bh3
Nd3 28. Qf3 Nxb2 29. h5 Qf6 30. Qe2 Qxc3 31. Kg2 Qd4 32. Qf3 Nd3 33. Kh2 Ne5
34. Qg2 Bd1 {White lost on time} 0-1

[Event "Summer Cup"]
[Site "Wellington Chess Club"]
[Date "2020.01.30"]
[Round "1.19"]
[White "Ross, Matt"]
[Black "Symon, Christopher"]
[Result "0-1"]
[WhiteElo "1904"]
[BlackElo "1300"]

1. e4 c5 2. Nc3 Nc6 3. Nf3 d6 4. Bc4 Nf6 5. Ng5 Ne5 6. Qe2 Bg4 7. f3 Bd7 8. f4
Bg4 9. Qf1 Nxc4 10. Qxc4 e6 11. h3 Bh5 12. g4 Bg6 13. f5 d5 14. Qb5+ Nd7 15. d3
exf5 16. exf5 Be7 17. fxg6 hxg6 18. Nf3 Qc7 19. Nxd5 Qg3+ 20. Ke2 Qg2+ 21. Ke3
Qxh1 22. Nc7+ Kd8 23. Nxa8 Rxh3 24. Qxb7 Qe1+ 25. Kf4 Rxf3+ 26. Kxf3 Qh1+ 27.
Kg3 Qxb7 28. Bd2 Qxa8 29. Rh1 Qxh1 30. Bc3 Bh4+ 31. Kf4 Qf1+ 32. Ke4 f5+ 33.
gxf5 Qxf5+ 34. Ke3 Bg5+ 35. Ke2 Qg4+ 36. Kf1 Qf3+ 37. Kg1 Bh4 38. Ba5+ Ke8 39.
Bc7 Bg3 40. Bxg3 Qxg3+ 41. Kf1 Nf6 42. Ke2 Nd5 43. Kf1 Nf4 44. c4 Qg2+ 45. Ke1
Qe2# 0-1

[Event "Summer Cup"]
[Site "Wellington Chess Club"]
[Date "2020.01.30"]
[Round "1.20"]
[White "Asher, Bruce"]
[Black "Rossiter, Philip"]
[Result "0-1"]
[WhiteElo "1159"]
[BlackElo "1901"]

1. e4 e6 2. Nf3 c5 3. Nc3 Nc6 4. Bb5 Be7 5. d3 Qc7 6. g3 a6 7. Bf4 d6 8. Ba4
Bd7 9. O-O b5 10. Bb3 Nd4 11. Nxd4 cxd4 12. Ne2 Bf6 13. c3 dxc3 14. bxc3 Ne7
15. Rc1 Ng6 16. c4 Nxf4 17. Nxf4 Qb7 18. Nh5 Bd4 19. Qg4 g6 20. Nf4 e5 21. Qg5
exf4 22. Qxf4 O-O 23. cxb5 Be5 24. Qh4 Bxb5 25. Rfd1 Rac8 26. Bd5 Rxc1 27. Rxc1
Qd7 28. Bc4 Bxc4 29. Rxc4 Bg7 30. Kg2 f5 31. Qh3 Qb7 32. Rd4 Bxd4 33. Qh4 fxe4
34. Qg4 Rxf2+ 35. Kh3 Qf7 36. Qc8+ Kg7 37. dxe4 Qf3 38. Qd7+ Kh6 39. Qg4 Qg2+
0-1

[Event "Summer Cup"]
[Site "Wellington Chess Club"]
[Date "2020.01.30"]
[Round "1.22"]
[White "Wang, Cheng Qi(Max)"]
[Black "Hall, Nathan"]
[Result "0-1"]
[WhiteElo "1000"]
[BlackElo "1871"]

1. e4 e6 2. d4 d5 3. exd5 exd5 4. Nc3 c6 5. Nf3 Nf6 6. Bd3 Bd6 7. O-O O-O 8.
Be3 Bg4 9. h3 Bh5 10. Qe2 Re8 11. Rfe1 Nbd7 12. Rad1 Ne4 13. Bd2 Ndf6 14. Qe3
Nxc3 15. Qg5 Nxd1 16. Rxd1 Bg6 17. Bxg6 hxg6 18. Re1 Ne4 19. Qe3 Nxd2 20. Qxd2
Qf6 21. c3 Qf4 22. Qd1 Re4 23. Rxe4 dxe4 24. Nd2 e3 25. fxe3 Qxe3+ 26. Kh1 Re8
27. Nf3 Qf2 28. Qd3 Re1+ 29. Qf1 Rxf1+ 30. Ng1 Rxg1# 0-1

[Event "Summer Cup"]
[Site "Wellington Chess Club"]
[Date "2020.01.30"]
[Round "1.23"]
[White "Walke, Kedar"]
[Black "Dunlop, Rafe"]
[Result "1-0"]
[WhiteElo "1300"]
[BlackElo "1307"]

1. e4 e5 2. f4 Nf6 3. fxe5 Nxe4 4. Nf3 Nc5 5. d4 Na4 6. c4 Bb4+ 7. Bd2 Bxd2+ 8.
Nbxd2 Nb6 9. Qb3 Qe7 10. c5 O-O 11. cxb6 axb6 12. Ne4 Re8 13. Bc4 c6 14. O-O d5
15. exd6 1-0

[Event "Summer Cup"]
[Site "Wellington Chess Club"]
[Date "2020.02.13"]
[Round "2.1"]
[White "Sole, Michael"]
[Black "Ker, Anthony"]
[Result "0-1"]
[WhiteElo "2014"]
[BlackElo "2436"]

1. e4 c5 2. Nf3 g6 3. d4 cxd4 4. Nxd4 Nc6 5. c4 Nf6 6. Nc3 Bg7 7. Nc2 O-O 8.
Be3 d6 9. Be2 Nd7 10. O-O Nc5 11. f3 f5 12. Qd2 a5 13. Rab1 Be6 14. Nd4 Nxd4
15. Bxd4 fxe4 16. fxe4 Qb6 17. Be3 Qb4 18. Nd5 Qxd2 19. Nxe7+ Kh8 20. Bxd2 Bd4+
21. Kh1 Nxe4 22. Be1 Rxf1+ 23. Bxf1 Rf8 24. Bxa5 Nf2+ 25. Kg1 Nd1+ 26. Kh1
Rxf1# 0-1

[Event "Summer Cup"]
[Site "Wellington Chess Club"]
[Date "2020.02.13"]
[Round "2.2"]
[White "Dive, Russell"]
[Black "Tanoi, Edward"]
[Result "1-0"]
[WhiteElo "2433"]
[BlackElo "2001"]

1. Nf3 c5 2. c4 Nc6 3. Nc3 e6 4. d4 cxd4 5. Nxd4 Bb4 6. Nb5 d6 7. a3 Bxc3+ 8.
bxc3 Ke7 9. a4 Ne5 10. Nxd6 Qxd6 11. Ba3 Qxa3 12. Rxa3 Nxc4 13. Ra1 Nf6 14. Qd4
Nd6 15. Rd1 Rd8 16. f3 e5 17. Qxe5+ Be6 18. e4 Rac8 19. Be2 b6 20. O-O Rc5 21.
Qd4 Nb7 22. Qe3 Rdc8 23. Ba6 R8c7 24. e5 Nd7 25. Qg5+ Ke8 26. Qxg7 Rxc3 27.
Bxb7 Rxb7 28. f4 Bc4 29. e6 1-0

[Event "Summer Cup"]
[Site "Wellington Chess Club"]
[Date "2020.02.13"]
[Round "2.3"]
[White "Rossiter, Philip"]
[Black "Croad, Nicolas"]
[Result "0-1"]
[WhiteElo "1901"]
[BlackElo "2426"]

1. c4 c5 2. Nc3 e6 3. Nf3 b6 4. g3 Bb7 5. Bg2 Nf6 6. O-O Be7 7. d3 O-O 8. a3 d5
9. cxd5 exd5 10. d4 Nbd7 11. Bd2 Re8 12. Rb1 Rc8 13. b4 cxd4 14. Nxd4 Ne5 15.
a4 Rc4 16. Nc2 Qc8 17. Qe1 d4 18. Bxb7 Qxb7 19. Na3 Rxc3 20. Bxc3 dxc3 21. Qxc3
Qe4 22. Qc2 Qg4 23. Nb5 Bxb4 24. Nxa7 Bc5 25. a5 Qh3 26. e3 Nf3+ 0-1

[Event "Summer Cup"]
[Site "Wellington Chess Club"]
[Date "2020.02.13"]
[Round "2.4"]
[White "Wastney, Scott"]
[Black "Jackson, Ross"]
[Result "1-0"]
[WhiteElo "2425"]
[BlackElo "1993"]

1. e4 c5 2. Nf3 d6 3. Bb5+ Nd7 4. Ba4 Nf6 5. O-O a6 6. c4 Rb8 7. Nc3 e6 8. d4
cxd4 9. Qxd4 Be7 10. Rd1 O-O 11. h3 Qb6 12. Be3 Qxd4 13. Bxd4 e5 {Can't make
sense of the rest of this. White won} 1-0

[Event "Summer Cup"]
[Site "Wellington Chess Club"]
[Date "2020.02.13"]
[Round "2.5"]
[White "Hall, Nathan"]
[Black "Cilia Vincenti, David"]
[Result "0-1"]
[WhiteElo "1871"]
[BlackElo "2265"]

1. e4 d5 2. exd5 Qxd5 3. Nc3 Qd8 4. d4 Nf6 5. Nf3 Bg4 6. h3 Bxf3 7. Qxf3 c6 8.
Bf4 e6 9. O-O-O Bb4 10. Kb1 Bxc3 11. Qxc3 Nd5 12. Qg3 Nxf4 13. Qxf4 Nd7 14. g4
Qe7 15. Bg2 Nb6 16. h4 Nd5 17. Qg3 b5 18. f4 Qd6 19. Bxd5 cxd5 20. h5 Rc8 21.
h6 g6 22. Qe3 O-O 23. Rde1 Rc6 24. f5 Rfc8 25. Re2 Qc7 26. Qg5 Rxc2 27. fxg6
fxg6 28. Qe3 Rc6 29. Rhe1 a5 30. Qg5 b4 31. b3 Qg3 32. Qe3 Qxg4 33. Qe5 Qf5+
34. Qxf5 exf5 35. Re8+ Rxe8 36. Rxe8+ Kf7 37. Rh8 g5 38. Rxh7+ Kg6 39. Rd7 Kxh6
40. Rxd5 f4 41. Rd8 Rf6 42. d5 f3 43. d6 f2 44. Rh8+ Kg7 0-1

[Event "Summer Cup"]
[Site "Wellington Chess Club"]
[Date "2020.02.13"]
[Round "2.6"]
[White "Winter, Ryan"]
[Black "He, Paul"]
[Result "1-0"]
[WhiteElo "2120"]
[BlackElo "1931"]

1. e4 c5 2. Nc3 Nc6 3. Bb5 g6 4. Bxc6 bxc6 5. f4 Bg7 6. d3 d5 7. Nf3 Bxc3+ 8.
bxc3 dxe4 9. dxe4 Qxd1+ 10. Kxd1 Nf6 11. Nd2 Ng4 12. Ke2 f5 13. e5 c4 14. Nf3
Be6 15. Be3 Kd7 16. Rhd1+ Bd5 17. h3 Nh6 18. Ng5 Rae8 19. Rab1 Kc7 20. Bc5 Nf7
21. Nxf7 Bxf7 22. e6 Bxe6 23. Bd4 Bd5 24. Be5+ Kc8 25. Rb8+ Kd7 26. Rb7+ Ke6
27. Bxh8 Rxh8 28. g3 Ra8 29. Rdb1 a5 30. Rb8 Ra6 31. R1b6 Ra7 32. R6b7 1-0

[Event "Summer Cup"]
[Site "Wellington Chess Club"]
[Date "2020.02.13"]
[Round "2.7"]
[White "Wojnar, Maciej"]
[Black "He, Caleb"]
[Result "1/2-1/2"]
[WhiteElo "2100"]
[BlackElo "1913"]

1. e4 c5 2. Nc3 g6 3. d4 cxd4 4. Qxd4 Nf6 5. Be3 Nc6 6. Qd2 Bg7 7. f3 O-O 8.
Nge2 Qa5 9. Nf4 a6 10. Be2 b5 11. O-O Rb8 12. a4 b4 13. Ncd5 e6 14. Nxf6+ Bxf6
15. Nd3 Bd4 16. Kh1 Bxe3 17. Qxe3 Qb6 18. Qxb6 Rxb6 19. c3 a5 20. Rab1 Ba6 21.
Nf4 Bxe2 22. Nxe2 Rfb8 23. c4 b3 24. Rfd1 Rb4 25. Nc3 R8b7 26. Rd2 Rxc4 27.
Rbd1 d6 28. Rxd6 Rc7 29. Kg1 Nb4 30. Nb5 Rc8 31. Nd4 Nc2 32. Nxb3 Rxa4 33. Rc1
Rb8 34. Nxa5 Rxb2 35. Rd2 Rxa5 36. Rdxc2 1/2-1/2

[Event "Summer Cup"]
[Site "Wellington Chess Club"]
[Date "2020.02.13"]
[Round "2.8"]
[White "Benitez, Edgar"]
[Black "Aldridge, Alan"]
[Result "0-1"]
[WhiteElo "2037"]
[BlackElo "1893"]

1. d4 Nf6 2. c4 e6 3. Nc3 Bb4 4. Qc2 c5 5. e3 O-O 6. Nf3 d5 7. a3 Bxc3+ 8. Qxc3
b6 9. Be2 Nbd7 10. O-O Ba6 11. b3 cxd4 12. exd4 Rc8 13. Bg5 Ne4 14. Qe3 Nxg5
15. Nxg5 dxc4 16. Rac1 h6 17. Ne4 b5 18. bxc4 bxc4 19. Nd6 Rc7 20. Bxc4 Bxc4
21. Nxc4 Nf6 22. Ne5 Nd5 23. Qd2 Rxc1 24. Rxc1 Qg5 25. Qxg5 hxg5 26. g3 Rd8 27.
h3 f6 28. Nf3 Rb8 29. Rc6 Rb6 30. Rxb6 axb6 31. Nd2 Kf7 32. Kf1 Nc3 33. Nc4 b5
34. Ne3 Ke7 35. Ke1 Kd6 36. f3 Nb1 37. Nc2 Kd5 38. Kd1 Kc4 39. Kc1 Nc3 40. Kd2
Kb3 41. Kd3 Nb1 42. f4 gxf4 43. gxf4 0-1

[Event "Summer Cup"]
[Site "Wellington Chess Club"]
[Date "2020.02.13"]
[Round "2.11"]
[White "Lyall, Gordon"]
[Black "Shepherd, Blake"]
[Result "1-0"]
[WhiteElo "1915"]
[BlackElo "1614"]

1. Nf3 d5 2. c4 Nf6 3. e3 Bg4 4. Qb3 b6 5. Ne5 e6 6. Qa4+ Nbd7 7. cxd5 h5 8. d4
exd5 9. Nc6 Bb4+ 10. Qxb4 Qc8 11. Qe7# 1-0

[Event "Summer Cup"]
[Site "Wellington Chess Club"]
[Date "2020.02.13"]
[Round "2.12"]
[White "Brockway, Andrew"]
[Black "Tarzwell, Caleb"]
[Result "1-0"]
[WhiteElo "1823"]
[BlackElo "1500"]

1. e4 c5 2. Nc3 Nc6 3. f4 e6 4. Nf3 d5 5. Bb5 a6 6. Bxc6+ bxc6 7. d3 Nf6 8. O-O
Be7 9. Qe1 O-O 10. Bd2 Qb6 11. Na4 c4+ 12. Nxb6 1-0

[Event "Summer Cup"]
[Site "Wellington Chess Club"]
[Date "2020.02.13"]
[Round "2.13"]
[White "Enegbuma, Wallace"]
[Black "Cooke, Xandi"]
[Result "1-0"]
[WhiteElo "1778"]
[BlackElo "1467"]

1. e4 c5 2. Nf3 d6 3. Bc4 Nf6 4. d3 g6 5. Nc3 Bg7 6. Bg5 O-O 7. Qd2 Qb6 8. Na4
Qc6 9. Nc3 Qb6 10. Rb1 Bg4 11. h3 Bxf3 12. gxf3 Nc6 13. h4 Rfe8 14. Bxf6 Bxf6
15. Nd5 Nd4 16. Qd1 Qa5+ 17. c3 Nc6 18. Nxf6+ exf6 19. Qb3 Ne5 20. Ke2 a6 21.
Bd5 Rab8 22. f4 Qb5 23. Qxb5 axb5 24. fxe5 Rxe5 25. f4 Re7 26. h5 b6 27. hxg6
hxg6 28. Rh6 f5 29. Rxg6+ 1-0

[Event "Summer Cup"]
[Site "Wellington Chess Club"]
[Date "2020.02.13"]
[Round "2.14"]
[White "Dixon, Hamish"]
[Black "Yu, Johnson"]
[Result "1-0"]
[WhiteElo "1724"]
[BlackElo "1193"]

1. e4 c5 2. Nf3 Nc6 3. d4 cxd4 4. Nxd4 d6 5. Nc3 Nf6 6. Be2 g6 7. O-O Bg7 8.
Be3 Bd7 9. Qd2 a6 10. Rad1 O-O 11. Bh6 Qb6 12. Bxg7 Kxg7 13. Nb3 Rac8 14. Nd5
Qa7 15. Nxf6 Kxf6 16. Qh6 Ne5 17. Nd4 e6 18. f4 Nc6 19. c3 Ke7 20. Qh4+ Ke8 21.
Kh1 Nxd4 22. Rxd4 d5 23. exd5 exd5 24. Bf3 Be6 25. Bxd5 Rh8 26. Qf6 Rg8 27.
Bxe6 fxe6 28. Qxe6+ 1-0

[Event "Summer Cup"]
[Site "Wellington Chess Club"]
[Date "2020.02.13"]
[Round "2.15"]
[White "Laking, Robert"]
[Black "Ross, Matt"]
[Result "1/2-1/2"]
[WhiteElo "1940"]
[BlackElo "1904"]

1. d4 Nf6 2. c4 e5 3. dxe5 Ng4 4. Bf4 Nc6 5. Nf3 Bb4+ 6. Nbd2 Qe7 7. e3 O-O 8.
a3 Bxd2+ 9. Qxd2 Ncxe5 10. Nxe5 Nxe5 11. Be2 d6 12. O-O Be6 13. Qb4 c5 14. Qc3
Ng6 15. Bg3 Rad8 16. b4 f5 17. Rfd1 f4 18. exf4 Nxf4 19. Bf3 d5 20. Bxf4 Rxf4
21. cxd5 Bg4 22. Bxg4 Rxg4 23. bxc5 Qg5 24. g3 h5 25. Qe3 Kh8 26. Qxg5 Rxg5 27.
Rab1 Rd7 28. f4 Rf5 29. h4 a6 30. Kf2 Rfxd5 31. Rxd5 Rxd5 32. Rxb7 Rxc5 33. Rb3
Ra5 34. Ke3 Kh7 35. Ke4 Kg6 36. Rc3 Kf6 37. Rb3 Kg6 38. Re3 Kf6 39. Kd4 Kg6 40.
Ke4 Kf6 41. Kd4 Kg6 42. Re6+ Kf7 43. Re3 Kf6 44. Kc4 Kg6 45. Kb4 Rb5+ 46. Ka4
Rb6 47. Ka5 Rd6 48. a4 Kf6 49. Re8 Rd3 50. Kxa6 Rxg3 51. Re5 g6 52. Kb6 Rg4 53.
Re4 Kf5 54. Rb4 Rxh4 55. a5 Rh1 56. a6 Ra1 57. a7 Rxa7 58. Kxa7 h4 59. Kb6 h3
60. Kc5 h2 61. Rb1 Kxf4 62. Kd4 g5 63. Rh1 Kg3 64. Ke4 g4 65. Kf5 Kh3 66. Rxh2+
Kxh2 67. Kxg4 1/2-1/2

[Event "Summer Cup"]
[Site "Wellington Chess Club"]
[Date "2020.02.13"]
[Round "2.16"]
[White "Stoeveken, Peter"]
[Black "Langford, Josh"]
[Result "1-0"]
[WhiteElo "1834"]
[BlackElo "1413"]

1. d4 Nf6 2. Bg5 d5 3. Nf3 Bf5 4. e3 e6 5. Nbd2 Nbd7 6. Nh4 Bg6 7. Nxg6 hxg6 8.
e4 Be7 9. e5 Nh7 10. Be3 c5 11. c3 c4 12. b3 b5 13. a4 a6 14. Qc2 Rb8 15. b4 a5
16. axb5 axb4 17. cxb4 Bxb4 18. Qa4 Be7 19. Nb1 Nb6 20. Qc2 Ra8 21. Rxa8 Qxa8
22. Be2 Ng5 23. f3 Qa4 24. Qb2 O-O 25. Bd2 Ra8 26. O-O Qa2 27. Qc1 Nh7 28. Bd1
Ba3 29. Qc2 Qxc2 30. Bxc2 Bb2 31. Nc3 Ra3 32. Ne2 c3 33. Bc1 Nc4 34. Kf2 Ra1
35. Bd3 Na3 36. b6 Nf8 {Black had to go} 1-0

[Event "Summer Cup"]
[Site "Wellington Chess Club"]
[Date "2020.02.13"]
[Round "2.17"]
[White "Kibblewhite, Daniel"]
[Black "Webster, Jamie"]
[Result "1/2-1/2"]
[WhiteElo "1526"]
[BlackElo "1825"]

1. d4 Nf6 2. c4 e6 3. Nf3 d5 4. cxd5 exd5 5. Nc3 Bb4 6. Qa4+ Nc6 7. Ne5 Bd7 8.
Nxc6 Bxc3+ 9. bxc3 Bxc6 10. Qb4 Qd7 11. Bg5 Ne4 12. Bf4 Qe7 13. Qxe7+ Kxe7 14.
Bxc7 Nxc3 15. Ba5 Ne4 16. e3 a6 17. Bd3 Rac8 18. O-O f5 19. f3 Nd6 20. Bb4 Rhf8
21. Rac1 Ke6 22. g4 fxg4 23. fxg4 Rxf1+ 24. Rxf1 Ne4 25. Rf8 Rxf8 26. Bxf8 g6
27. Bxe4 dxe4 28. Kf2 Kd5 29. Ke2 Kc4 30. Kd2 b5 31. a3 a5 32. Kc2 b4 33. axb4
axb4 34. Bg7 b3+ 35. Kb2 Bd5 36. Be5 Kd3 37. Bf4 Ke2 38. Kc3 Kf3 39. g5 1/2-1/2

[Event "Summer Cup"]
[Site "Wellington Chess Club"]
[Date "2020.02.13"]
[Round "2.18"]
[White "Stannard, Lars"]
[Black "Van der Hoorn, Thomas"]
[Result "1-0"]
[WhiteElo "1511"]
[BlackElo "1721"]

1. d4 Nf6 2. Bf4 d5 3. Nf3 Bf5 4. e3 e6 5. Bd3 Bxd3 6. Qxd3 c5 7. b3 Nc6 8. c3
Bd6 9. Bxd6 Qxd6 10. h3 O-O 11. O-O Ne4 12. Nbd2 Nxd2 13. Qxd2 e5 14. dxc5 Qxc5
15. b4 Qc4 16. Rfd1 e4 17. Nd4 Nxd4 18. cxd4 Rac8 19. Rdc1 Qb5 20. a3 Rc4 21.
Rxc4 Qxc4 22. Rc1 Qa6 23. Qa2 b5 24. Qxd5 Qxa3 25. Rb1 Qd3 26. Ra1 Qc3 27. Rb1
Qd3 28. Ra1 Qc3 29. Rxa7 Qxb4 30. Qxe4 Qe1+ 31. Kh2 Qxf2 32. Ra8 Qf6 33. Rxf8+
Kxf8 34. Qa8+ Ke7 35. Qb7+ Kd8 36. Qxb5 Qd6+ 37. Kg1 Ke7 38. Qg5+ Qf6 39. Qc5+
Kd7 40. Qb5+ Ke7 41. Qc5+ Kd7 42. e4 Qe6 43. Qb5+ Ke7 44. Qb7+ Kf6 45. e5+ Kf5
46. Qf3+ Kg5 47. Qe3+ Kg6 48. h4 Qg4 49. Qf2 Qd1+ 50. Kh2 Qg4 51. d5 h6 52. Qg3
Qxg3+ 53. Kxg3 Kf5 54. d6 Ke6 55. Kf4 f6 56. exf6 Kxf6 57. d7 g5+ 58. hxg5+
hxg5+ 59. Kg4 Ke7 60. Kxg5 Kxd7 61. Kf6 Ke8 62. Kg7 Ke7 63. g4 Ke8 64. g5 Ke7
65. g6 Ke8 66. Kh7 1-0

[Event "Summer Cup"]
[Site "Wellington Chess Club"]
[Date "2020.02.13"]
[Round "2.19"]
[White "Loke, Kayden"]
[Black "Osborne, Geoff"]
[Result "1-0"]
[WhiteElo "1694"]
[BlackElo "1343"]

1. e4 e5 2. Nf3 Nf6 3. Nxe5 d6 4. Nf3 Nxe4 5. Qe2 Qe7 6. d3 Nf6 7. Bg5 Be6 8.
Nc3 Nc6 9. Ne4 h6 10. Nxf6+ gxf6 11. Be3 Bg7 12. Nd4 Nxd4 13. Bxd4 Bd5 14.
Qxe7+ Kxe7 15. O-O-O c5 16. Be3 Rhe8 17. Re1 Kd7 18. Rg1 f5 19. g3 Be6 20. Bg2
Rab8 21. Bf4 b5 22. a3 a5 23. b3 c4 24. dxc4 bxc4 25. Rd1 Rb6 26. Rd2 cxb3 27.
Rgd1 b2+ 28. Kb1 Bf8 29. c3 Rc8 30. Rxb2 Rxb2+ 31. Kxb2 Rb8+ 32. Kc1 Rb3 33.
Kd2 Rxa3 34. Rb1 Rb3 35. Rxb3 Bxb3 36. Be3 a4 37. Kc1 d5 38. Kb2 Kc6 39. Bh3
Bc5 40. Bxf5 f6 (40... Bf8 41. Bd3 Bc4) 41. Bxh6 Bxf2 42. Bg7 Kc5 43. Bd3 f5
44. Bf8+ Kb6 45. Bxf5 d4 46. Bg7 dxc3+ 47. Bxc3 Bc5 48. Bd7 Bd6 49. Be1 Kc5 50.
Bf2+ Kb4 51. Be1+ Kc5 52. h4 Kd5 53. Bc3 Kc4 54. Be6+ Kd3 55. Bxb3 axb3 56. h5
Bxg3 $2 (56... Bf8 57. Kxb3 Ke4 $10) 57. h6 Ke2 58. Kxb3 Kd3 59. Ba1 1-0

[Event "Summer Cup"]
[Site "Wellington Chess Club"]
[Date "2020.02.13"]
[Round "2.20"]
[White "Stannard, Bobby"]
[Black "Farrington, Lawrence"]
[Result "0-1"]
[WhiteElo "1499"]
[BlackElo "1646"]

1. e4 e6 2. d4 d5 3. e5 c5 4. c3 Nc6 5. Nf3 Qb6 6. Qb3 cxd4 7. Qxb6 axb6 8.
cxd4 Bb4+ 9. Bd2 Bd7 10. Bb5 Bxd2+ 11. Nbxd2 Nxe5 12. Bxd7+ Nxd7 13. Ne5 Ne7
14. Ndf3 Nc6 15. Nxd7 Kxd7 16. O-O h6 17. Rfc1 Rhc8 18. a3 Na5 19. Ne5+ Ke7 20.
Rab1 Nc6 21. Nxc6+ Rxc6 22. Rxc6 bxc6 23. Rc1 Kd7 24. Kf1 Ra4 25. Rd1 Rc4 26.
Rd2 Ra4 27. Ke2 Ra7 28. Rc2 Kd6 29. f4 Rb7 30. b4 Ra7 31. Rc3 Ra4 32. Kd3 f6
33. g3 Ra7 34. Rb3 Rc7 35. Rc3 e5 36. fxe5+ fxe5 37. dxe5+ Kxe5 38. Rc1 Kd6 39.
a4 c5 40. bxc5+ bxc5 41. a5 Ra7 42. Ra1 Kc6 43. Ke3 Kb5 44. Rb1+ Kxa5 45. Kf4
Re7 46. Rd1 d4 47. Rb1 c4 0-1

[Event "Summer Cup"]
[Site "Wellington Chess Club"]
[Date "2020.02.13"]
[Round "2.21"]
[White "Ackroyd, William"]
[Black "Rabina, Romeo"]
[Result "0-1"]
[WhiteElo "1384"]
[BlackElo "1616"]

1. e4 b6 2. d4 e6 3. Nf3 Bb7 4. Bd3 c5 5. c3 Nf6 6. Qe2 d5 7. e5 Ne4 8. Be3 Be7
9. Nbd2 cxd4 10. cxd4 Bb4 11. a3 Be7 12. h4 h6 13. Bf4 Nxd2 14. Qxd2 Ba6 15.
Rc1 Bxd3 16. Qxd3 O-O 17. g4 Nd7 18. g5 h5 19. Rg1 g6 20. Rc6 a6 21. Kd2 b5 22.
Rgc1 Nb6 23. R6c2 Qd7 24. Ke2 Nc4 25. Nd2 Rfc8 26. Nxc4 bxc4 27. Qc3 Qb5 28.
Bd2 Rab8 29. Qa5 Qc6 30. Be3 Rb3 31. Qe1 Qb5 32. Kd2 Bd8 33. Kd1 Rxb2 34. a4
Qb3 35. Qc3 Qxc3 36. Rxc3 Rcb8 37. R1c2 Rb1+ 38. Rc1 Ba5 39. Rxb1 Rxb1+ 40. Kc2
Ra1 0-1

[Event "Summer Cup"]
[Site "Wellington Chess Club"]
[Date "2020.02.13"]
[Round "2.22"]
[White "Stracy, Don"]
[Black "Asher, Bruce"]
[Result "1-0"]
[WhiteElo "1608"]
[BlackElo "1159"]

1. e4 e5 2. Nf3 Nc6 3. Bb5 a6 4. Ba4 Nf6 5. O-O d6 6. Re1 d5 7. exd5 Qxd5 8.
Rxe5+ Be6 9. Rxd5 Nxd5 10. Nc3 O-O-O 11. Bxc6 Nxc3 12. Bxb7+ Kxb7 13. bxc3 Bc5
14. d3 Rhe8 15. Be3 Bd6 16. Nd4 Bd5 17. c4 c5 18. cxd5 cxd4 19. Bxd4 Re7 20.
Rb1+ Ka8 21. g3 f6 22. Qd2 Rde8 23. Qa5 Bb8 24. Qxa6+ Ba7 25. Qc6+ 1-0

[Event "Summer Cup"]
[Site "Wellington Chess Club"]
[Date "2020.02.13"]
[Round "2.23"]
[White "Dunlop, Rafe"]
[Black "Darr, Samuel"]
[Result "0-1"]
[WhiteElo "1307"]
[BlackElo "1592"]

1. e4 e6 2. d4 d5 3. Nc3 dxe4 4. Nxe4 Nf6 5. Nxf6+ Qxf6 6. Nf3 h6 7. Bd3 Bd6 8.
O-O O-O 9. Re1 Nc6 10. c3 e5 11. Be4 Bg4 12. Qd3 Rad8 13. Be3 Bxf3 14. Bxf3
exd4 15. cxd4 Bc5 16. Rad1 Nxd4 17. Bxd4 Rxd4 18. Qc3 Rxd1 19. Rxd1 Qxc3 20.
bxc3 b6 21. Rd7 Bd6 22. g3 Re8 23. Bd5 Rf8 24. f4 g5 25. f5 g4 26. f6 Be5 27.
c4 Bxf6 28. Rxc7 a5 29. c5 Bd4+ 30. Kf1 Bxc5 31. a4 Kg7 32. Ke2 Kg6 33. Be4+ f5
34. Bd3 Bg1 0-1

[Event "Summer Cup"]
[Site "Wellington Chess Club"]
[Date "2020.02.13"]
[Round "2.25"]
[White "Wang, Cheng Qi(Max)"]
[Black "Hurndell, Robert"]
[Result "0-1"]
[WhiteElo "1000"]
[BlackElo "1553"]

1. e4 c5 2. Nf3 d6 3. Bc4 e6 4. d4 cxd4 5. Nxd4 Nf6 6. Nc3 a6 7. Bf4 e5 8. Be3
exd4 9. Bxd4 Nc6 10. Be3 Be7 11. O-O O-O 12. Qd2 Ne5 13. Bd3 Nxd3 14. Qxd3 Bd7
15. Nd5 Nxd5 16. Qxd5 Bc6 17. Qd4 Bf6 18. Qb4 Re8 19. Bb6 Qd7 20. Rfe1 Be5 21.
g3 Qg4 22. Rad1 h5 23. Rd2 h4 24. Rd3 hxg3 25. hxg3 Re6 26. Kf1 Rh6 27. f3 Qxg3
28. Ke2 Rh2+ 29. Kd1 Bf4 30. Qc3 Bb5 31. Rd5 Be5 32. Qd2 Rxd2+ 33. Rxd2 Qxf3+
34. Kc1 Bf4 35. Rd1 Rc8 36. c3 Qxe4 37. b3 Rxc3+ 38. Kb2 Bxd2 39. Rxd2 Rd3 40.
Rc2 Qe5+ 41. Kc1 Qa1# 0-1

[Event "Summer Cup"]
[Site "Wellington Chess Club"]
[Date "2020.02.20"]
[Round "3.1"]
[White "Ker, Anthony"]
[Black "Winter, Ryan"]
[Result "1-0"]
[WhiteElo "2436"]
[BlackElo "2120"]

1. e4 c6 2. d4 d5 3. exd5 cxd5 4. Bd3 Nc6 5. c3 g6 6. Bf4 Nf6 7. Nd2 Bf5 8.
Bxf5 gxf5 9. Ngf3 e6 10. Ne5 Bd6 11. Qe2 Qc7 12. Bg5 Be7 13. Bxf6 Bxf6 14. f4
Bxe5 15. fxe5 O-O-O 16. Nf1 Rdg8 17. Ng3 Rg4 18. O-O h5 19. Qf3 h4 20. Nxf5
exf5 21. Qxf5+ Qd7 22. Qxd7+ Kxd7 23. Rxf7+ Kc8 24. Re1 Rhg8 25. Re2 Nd8 26.
Rf6 R4g6 27. Ref2 Ne6 28. h3 Kd7 29. Rf7+ Kc6 30. Rh7 Ng5 31. Rxh4 Ne4 32. Rc2
b5 33. g4 a5 34. Kg2 Rf8 35. Rh7 a4 36. b3 axb3 37. axb3 Ra8 38. Rf7 Ra3 39. b4
Ra8 40. Rf4 Rh8 41. Ra2 Kb6 42. Rf7 Nxc3 43. Raa7 Ne2 44. Ra2 Nc3 45. Raa7 Ne2
46. Ra3 Rb8 47. Rd3 Rbg8 48. Kf2 Nc1 49. Ra3 R8g7 50. Rf6+ Kb7 51. Ke1 Rg5 52.
Kd2 Rc7 53. Rf1 Rc4 54. Rxc1 Rxd4+ 55. Rd3 Rxb4 56. Rxd5 Rb3 57. Rc3 Rb2+ 58.
Ke3 b4 59. Rcd3 Rg8 60. e6 Rg6 61. Re5 1-0

[Event "Summer Cup"]
[Site "Wellington Chess Club"]
[Date "2020.02.20"]
[Round "3.2"]
[White "Cilia Vincenti, David"]
[Black "Dive, Russell"]
[Result "1/2-1/2"]
[WhiteElo "2265"]
[BlackElo "2433"]

1. d4 Nf6 2. c4 c5 3. d5 b5 4. Qc2 d6 5. e4 g6 6. cxb5 Bg7 7. Nc3 O-O 8. Nf3 a6
9. a4 e6 10. dxe6 fxe6 11. Bg5 Qa5 12. Bd2 Qc7 13. Bc4 axb5 14. Nxb5 Qc6 15.
Nxd6 Qxd6 16. e5 Qe7 17. Bg5 Nc6 18. exf6 Bxf6 19. Bxf6 Rxf6 20. O-O Bb7 21.
Ng5 Nd4 22. Qc3 h6 23. Nh3 Rf3 $1 24. gxf3 Nxf3+ 25. Kg2 Nh4+ 26. Kg1 Nf3+ 27.
Kg2 Nh4+ 28. Kg1 {Draw agreed} 1/2-1/2

[Event "Summer Cup"]
[Site "Wellington Chess Club"]
[Date "2020.02.20"]
[Round "3.3"]
[White "Croad, Nicolas"]
[Black "Sellen, Ian"]
[Result "1/2-1/2"]
[WhiteElo "2426"]
[BlackElo "2022"]

1. e4 e5 2. Nf3 d6 3. d4 exd4 4. Nxd4 Nf6 5. Nc3 Be7 6. Be2 Nc6 7. Bf4 O-O 8.
O-O Re8 9. Re1 Ne5 10. h3 Bf8 11. Bf1 c6 12. Be3 d5 13. Bg5 Be7 14. exd5 Nxd5
15. Nxd5 Bxg5 16. Ne3 $2 Bf6 $2 ( {We both missed} 16... Bxh3 $1 17. gxh3 (17.
Nxc6 bxc6 18. gxh3 Qf6 19. Bg2 Bh4 $17) 17... Qxd4 18. Qxd4 Nf3+ $17) 17. c3
Qc7 18. Qb3 Rf8 19. Rad1 Bd7 20. Ndf5 Be6 21. Qc2 Rad8 22. Ng3 Rxd1 23. Rxd1
Bd8 24. b3 Nd7 25. c4 g6 26. Qc3 f5 27. Ne2 Bf6 28. Qc1 Ne5 29. Nd4 Bc8 30. Be2
Rd8 31. Nf3 Nxf3+ 32. Bxf3 Rxd1+ 33. Qxd1 Qd7 34. Qc2 Qd4 35. Be2 Bg5 36. Nf1
f4 37. Qd3 Bf6 38. Qxd4 Bxd4 39. Bd3 Kf7 40. Nd2 h6 41. Kf1 g5 42. Ke2 c5 43.
Ne4 Ke7 44. Nd2 b6 45. Be4 Be6 46. Nf3 Bb2 47. Kd3 Kf6 48. Nd2 Bd4 49. Ke2 Ba1
50. Bd3 Ke5 51. Nf3+ Kf6 52. Ne1 h5 53. Be4 g4 54. hxg4 hxg4 55. Nd3 Kg5 56.
Kd2 Bd4 57. Ke2 Ba1 58. Kd2 Bd4 {Draw agreed} 1/2-1/2